| 000 | 00638nam a2200241Ia 4500 | ||
|---|---|---|---|
| 005 | 20260429111931.0 | ||
| 008 | 260429s9999||||xx |||||||||||||| ||und|| | ||
| 020 | _a9789359784045 | ||
| 041 | _aEnglish | ||
| 082 |
_a613.7046 _bSIN |
||
| 100 | _aSingh Vikram | ||
| 245 | 0 |
_aYoga and health / _cSingh Vikram |
|
| 250 | _a1st ed. | ||
| 260 |
_aNew Delhi : _bFriends Publications (India), _c2024. |
||
| 300 | _a117 p.; pbk | ||
| 440 | _aInstant notes on yoga 7 | ||
| 650 | _a Alternative medicine | ||
| 650 | _a Health sciences | ||
| 650 | _a Physical well-being | ||
| 650 | _aYoga | ||
| 700 | _a Joshi, Navdeep | ||
| 942 | _cTB | ||
| 999 |
_c51502 _d51502 |
||